000 00336 a2200157 4500
001 62205
020 _a9788508146307
040 _cAnchieta - Pituba
100 _aMachado, Ana Maria
240 1 0 _aNas asas do mar
_lpor
245 1 0 _aNas asas do mar
300 _a120
362 0 _a2011
650 4 _aLiteratura juvenil
942 _cBK
999 _c62205
_d62205